000 00771nam a2200217 i 4500
001 164685
003 ES-MaACL
005 20250714080908.0
008 050804s1857 fr | |||||||| ||fre d
040 _aCAM
_bspa
_cCAM
100 1 _aSand, George,
_d1804-1876
_9103060
245 1 0 _aSimon
_b: ; La Marquise; Monsieur Rousset; Mouny-Robin; Les sauvages de Paris /
_cpar George Sand.
260 _aParis :
_bMichel Lévy frères libraires-éditeurs,
_c1857 (
_fTyp. de Mme Ve Dondey-Dupré)
300 _a313 p. ;
_c18 cm.
490 1 _aCollection Michel Lévy
490 1 _aOeuvres de George Sand
830 0 0 _aCollection Michel Lévy
_9182425
830 0 _aOeuvres de George Sand
_9188465
852 _aES-MaACL
_jG-14751
_z-- Enc. hol.
999 _c164685
_d164685